<?xml version="1.0" encoding="UTF-8"?>
<record
    xmlns:xsi="http://www.w3.org/2001/XMLSchema-instance"
    xsi:schemaLocation="http://www.loc.gov/MARC21/slim http://www.loc.gov/standards/marcxml/schema/MARC21slim.xsd"
    xmlns="http://www.loc.gov/MARC21/slim">

  <leader>01066njm a22002537a 4500</leader>
  <controlfield tag="005">20100910140828.0</controlfield>
  <controlfield tag="007">sd ammalaaahaa</controlfield>
  <controlfield tag="008">100830t        xxu||||| |||| 00| 0 eng d</controlfield>
  <datafield tag="028" ind1=" " ind2=" ">
    <subfield code="a">45-AE.1075</subfield>
    <subfield code="b">Angel Records</subfield>
  </datafield>
  <datafield tag="035" ind1=" " ind2=" ">
    <subfield code="a">GR-01912</subfield>
  </datafield>
  <datafield tag="040" ind1=" " ind2=" ">
    <subfield code="a">SED</subfield>
    <subfield code="c">SED</subfield>
  </datafield>
  <datafield tag="100" ind1=" " ind2=" ">
    <subfield code="a">Mohd Rafi</subfield>
    <subfield code="9">19323</subfield>
  </datafield>
  <datafield tag="245" ind1=" " ind2=" ">
    <subfield code="a">Raja Saab /</subfield>
    <subfield code="c">sung by Mohd Rafi ; Music by Kalyanji Anandji; Lyric by Anand Bakshi</subfield>
    <subfield code="h">[sound recording]:</subfield>
  </datafield>
  <datafield tag="246" ind1=" " ind2=" ">
    <subfield code="a">&#x930;&#x93E;&#x91C;&#x93E; &#x938;&#x93E;&#x92C;  /</subfield>
  </datafield>
  <datafield tag="260" ind1=" " ind2=" ">
    <subfield code="a">Dum Dum, India:</subfield>
    <subfield code="b">Angel Records</subfield>
    <subfield code="c">1969</subfield>
  </datafield>
  <datafield tag="300" ind1=" " ind2=" ">
    <subfield code="a">1 sound disc [GramphoneRecording]:</subfield>
    <subfield code="b">analog,45 rpm </subfield>
    <subfield code="c">7 in.(SP)</subfield>
    <subfield code="f">Gramphones Records</subfield>
  </datafield>
  <datafield tag="500" ind1=" " ind2=" ">
    <subfield code="a">Brief Record</subfield>
  </datafield>
  <datafield tag="505" ind1=" " ind2=" ">
    <subfield code="a">Side1 &#x930;&#x93E;&#x91C;&#x942; &#x915;&#x93E; &#x939;&#x948; &#x90F;&#x915;  &#x916;&#x935;&#x93E;&#x92C; (Raju ka hai ek khawaab) (Mohd Rafi) Side 2 &#x938;&#x91C;&#x928; &#x924;&#x947;&#x930;&#x947; &#x92C;&#x93F;&#x928;&#x93E;(Sajan tere bina) (Lata Mangshekar).</subfield>
  </datafield>
  <datafield tag="650" ind1=" " ind2=" ">
    <subfield code="x">Excerpts</subfield>
    <subfield code="z">India</subfield>
    <subfield code="9">17446</subfield>
    <subfield code="a">Motion picture music</subfield>
  </datafield>
  <datafield tag="700" ind1=" " ind2=" ">
    <subfield code="a">Kalyanji Anandji</subfield>
    <subfield code="9">19469</subfield>
  </datafield>
  <datafield tag="700" ind1=" " ind2=" ">
    <subfield code="a">Bakshi,Anand</subfield>
    <subfield code="9">19425</subfield>
  </datafield>
  <datafield tag="942" ind1=" " ind2=" ">
    <subfield code="2">ddc</subfield>
    <subfield code="c">GR</subfield>
  </datafield>
  <datafield tag="999" ind1=" " ind2=" ">
    <subfield code="c">45125</subfield>
    <subfield code="d">45125</subfield>
  </datafield>
  <datafield tag="952" ind1=" " ind2=" ">
    <subfield code="0">0</subfield>
    <subfield code="1">0</subfield>
    <subfield code="2">ddc</subfield>
    <subfield code="4">0</subfield>
    <subfield code="7">1</subfield>
    <subfield code="8">NFIC</subfield>
    <subfield code="a">L</subfield>
    <subfield code="b">L</subfield>
    <subfield code="d">2010-09-10</subfield>
    <subfield code="e">SED/VEN</subfield>
    <subfield code="l">0</subfield>
    <subfield code="p">GR-01912</subfield>
    <subfield code="r">2010-09-10 00:00:00</subfield>
    <subfield code="t">1</subfield>
    <subfield code="w">2010-09-10</subfield>
    <subfield code="y">GR</subfield>
  </datafield>
</record>
